Skill and management in family medicine
Uloženo v:
| Hlavní autor: | |
|---|---|
| Médium: | Kniha |
| Jazyk: | Undetermined |
| Vydáno: |
Singapore
P.G. Publishing Pte Ltd
1988
|
| Témata: | |
| Tagy: |
Přidat tag
Žádné tagy, Buďte první, kdo otaguje tento záznam!
|
| Thư viện lưu trữ: | Trung tâm Học liệu Trường Đại học Cần Thơ |
|---|
| LEADER | 00495nam a2200181Ia 4500 | ||
|---|---|---|---|
| 001 | CTU_19760 | ||
| 008 | 210402s9999 xx 000 0 und d | ||
| 082 | |a 613 | ||
| 082 | |b K79 | ||
| 100 | |a E K Koh | ||
| 245 | 0 | |a Skill and management in family medicine | |
| 245 | 0 | |c E K Koh | |
| 260 | |a Singapore | ||
| 260 | |b P.G. Publishing Pte Ltd | ||
| 260 | |c 1988 | ||
| 650 | |a medical care | ||
| 904 | |i Nguyễn Quang Điền, 960601 | ||
| 980 | |a Trung tâm Học liệu Trường Đại học Cần Thơ | ||